| 000 | 01563cam a2200373 i 4500 | ||
|---|---|---|---|
| 001 | 17715602 | ||
| 003 | EG-ScBUE | ||
| 005 | 20240402094011.0 | ||
| 008 | 130424t2013 caua f bd 001 0 eng d | ||
| 020 | _a9780804785730 | ||
| 040 |
_aCSt/DLC _beng _erda _cCSt _dDLC _dEG-ScBUE |
||
| 043 |
_aa-ba--- _aa-su--- _aar----- |
||
| 082 | 0 | 4 |
_222 _a953.6 _bMAT |
| 100 | 1 |
_aMatthiesen, Toby, _d1984- _eauthor. _940479 |
|
| 245 | 1 | 0 |
_aSectarian gulf : _bBahrain, Saudi Arabia, and the Arab Spring that wasn't / _cToby Matthiesen. |
| 264 | 1 |
_aStanford, California : _bStanford Briefs / Stanford University Press, _c[2013] |
|
| 264 | 4 | _cc2013 | |
| 300 |
_axiv, 192 pages : _billustrations ; _c21 cm |
||
| 336 |
_2rdacontent _atext _btxt |
||
| 337 |
_aunmediated _2rdamedia _bn |
||
| 338 |
_avolume _bnc _2rdacarrier |
||
| 500 | _aIncludes glossary. | ||
| 504 | _aIncludes bibliographical references and index. | ||
| 505 | 0 | _aOil, God, and pearls -- The great sectarian game -- Pearl roundabout -- Counter-revolution -- A Saudi achilles heel -- The orange movement -- Arab springs, Arab falls. | |
| 650 | 7 |
_aProtest movements _zBahrain. _2BUEsh _940480 |
|
| 650 | 7 |
_aProtest movements _zSaudi Arabia. _2BUEsh _940481 |
|
| 650 | 7 |
_aArab Spring, 2010- _2BUEsh _938992 |
|
| 651 | 0 |
_aBahrain _xPolitics and government _y21st century. _2BUEsh |
|
| 651 | 0 |
_aSaudi Arabia _xPolitics and government _y21st century. _2BUEsh |
|
| 651 | 0 |
_aPersian Gulf States _xPolitics and government _y21st century. _2BUEsh |
|
| 653 |
_bLLAAWW _cJuly2016 |
||
| 655 | _vReading book | ||
| 942 |
_2ddc _cBB |
||
| 999 |
_c22045 _d22017 |
||